| 000 | 00798cam a2200205 a 4500 | ||
|---|---|---|---|
| 999 |
_c2632 _d2632 |
||
| 008 | 091023s2009 enka b 001 0 eng d | ||
| 020 | _a9780521761499 | ||
| 020 | _a0521761492 | ||
| 082 | 0 | 0 |
_a388.044068 _222 _bL8654 |
| 100 | 1 | _aLorange, Peter. | |
| 245 | 1 | 0 |
_aShipping strategy : _binnovating for success / _cPeter Lorange. |
| 260 |
_aCambridge ; _aNew York : _bCambridge University Press, _c2009. |
||
| 300 |
_axviii, 273 p. : _bill. ; _c24 cm. |
||
| 504 | _aIncludes bibliographical references (p. [262]-265) and index. | ||
| 650 | 0 | _aShipping. | |
| 856 | 4 | 2 | _uhttp://www.loc.gov/catdir/enhancements/fy1001/2009279381-b.html |
| 856 | 4 | 2 | _uhttp://www.loc.gov/catdir/enhancements/fy1001/2009279381-d.html |
| 856 | 4 | 1 | _uhttp://www.loc.gov/catdir/enhancements/fy1001/2009279381-t.html |
| 942 | _cBK | ||